Vybrané state z geotechniky I. a II.
Salvato in:
| Natura: | Libro |
|---|---|
| Lingua: | slovacco |
| Pubblicazione: |
Bratislava :
SVŠT v Bratislave,
1986
|
| Tags: |
Nessun Tag, puoi essere il primo ad aggiungerne!!
|
MARC
| LEADER | 00000nam a22000003a 4500 | ||
|---|---|---|---|
| 001 | stu82566 | ||
| 005 | 20150408175325.3 | ||
| 008 | 031121s1986----cs------------------slo-d | ||
| 040 | |a STU |b slo | ||
| 041 | 0 | |a slo | |
| 044 | |a cs | ||
| 080 | |a 528(075.8) | ||
| 245 | |a Vybrané state z geotechniky I. a II. | ||
| 260 | |a Bratislava : |b SVŠT v Bratislave, |c 1986 | ||
| 300 | |a 318 s | ||
| 996 | |b 284V020522 |c V*25124/S-86 |l VVS |s A |a 24 |w stu82566_0001 | ||
| 996 | |b 284V020520 |c V*25125/S-86 |l VVS |s A |a 24 |w stu82566_0002 | ||
| 996 | |b 284V029664 |c V*32960/O-13344 |l VVT |s A |a 24 |w stu82566_0003 | ||
| 996 | |b 284V029663 |c V*32961/O-13344a |l VVT |s A |a 24 |w stu82566_0004 | ||